Estatísticas para Países que começam com P

Clique aqui para jogar o quiz

Estatísticas Gerais

  • Esse quiz foi jogado 47 vezes
  • A pontuação média é 8 de 11

Estatísticas das Respostas

HintResposta% Correto
1.Portugal
98%
11.Paraguai
93%
2.Polónia
93%
8.Peru
88%
10.Panamá
84%
4.Paquistão
84%
5.Palau
81%
9.Papua-Nova Guiné
70%
3.Países Baixos
49%
7.Palestina
44%
6.País de Gales
30%

Distribuição das Pontuações

Percentil de Números Respondidos

Porcentagem de Pessoas com Cada Pontuação

Sua Pontuação Histórica

Você não jogou esse quiz